Every Song by Bright Eyes - Statistics

General Stats
  • This quiz has been taken 4 times
  • The average score is 26 of 187
Answer Stats
Album Song % Correct
I'm Wide Awake, It's Morning(2005) First Day of My Life
100%
Cassadaga(2007) Four Winds
75%
I'm Wide Awake, It's Morning(2005) Lua
75%
I'm Wide Awake, It's Morning(2005) Poison Oak
75%
I'm Wide Awake, It's Morning(2005) Another Travelin' Song
50%
Digital Ash in a Digital Urn(2005) Arc of Time (Time Code)
50%
I'm Wide Awake, It's Morning(2005) At the Bottom of Everything
50%
Lifted or The Story Is in the Soil, Keep Your Ear to the Ground(2002) Bowl of Oranges
50%
Digital Ash in a Digital Urn(2005) Easy/Lucky/Free
50%
Lifted or The Story Is in the Soil, Keep Your Ear to the Ground(2002) From a Balance Beam
50%
Digital Ash in a Digital Urn(2005) Gold Mine Gutted
50%
Letting Off the Happiness(1998) If Winter Ends
50%
Letting Off the Happiness(1998) June on the West Coast
50%
Kids Table(2025) Kids Table
50%
I'm Wide Awake, It's Morning(2005) Land Locked Blues
50%
Cassadaga(2007) Make a Plan to Love Me
50%
Every Day and Every Night(1999) Neely O'Hara
50%
I'm Wide Awake, It's Morning(2005) Road to Joy
50%
Cassadaga(2007) Soul Singer in a Session Band
50%
Digital Ash in a Digital Urn(2005) Time Code
50%
Lifted or The Story Is in the Soil, Keep Your Ear to the Ground(2002) Waste of Paint
50%
Every Day and Every Night(1999) A Line Allows Progress, a Circle Does Not
25%
Five Dice, All Threes(2024) All Threes
25%
The People's Key(2011) A Machine Spiritual (in the People's Key)
25%
Noise Floor (Rarities: 1998–2005)(2006) | There Is No Beginning to the Story(2002) Amy in the White Coat
25%
Fevers and Mirrors(2000) Arienette
25%
Down in the Weeds, Where the World Once Was(2020) Calais to Dover
25%
Cassadaga(2007) Clairaudients (Kill or Be Killed)
25%
Cassadaga(2007) Classic Cars
25%
Cassadaga(2007) Cleanse Song
25%
Down in the Weeds, Where the World Once Was(2020) Comet Song
25%
Down in the Weeds, Where the World Once Was(2020) Dance and Sing
25%
Noise Floor (Rarities: 1998–2005)(2006) Devil Town
25%
A Collection of Songs Written and Recorded 1995–1997(1998) Feb. 15th
25%
Five Dice, All Threes(2024) Five Dice
25%
The People's Key(2011) Haile Selassie
25%
Digital Ash in a Digital Urn(2005) Hit the Switch
25%
Down in the Weeds, Where the World Once Was(2020) Hot Car in the Sun
25%
Cassadaga(2007) Hot Knives
25%
Digital Ash in a Digital Urn(2005) I Believe in Symmetry
25%
One Jug of Wine, Two Vessels(Bonus)(2014) I Know You
25%
One Jug of Wine, Two Vessels(2004) I'll Be Your Friend
25%
Cassadaga(2007) I Must Belong Somewhere
25%
Noise Floor (Rarities: 1998–2005)(2006) I've Been Eating (For You)
25%
The People's Key(2011) Jejune Stars
25%
Don't Be Frightened of Turning the Page(2000) Kathy With a K's Song
25%
The People's Key(2011) Ladder Song
25%
Lifted or The Story Is in the Soil, Keep Your Ear to the Ground(2002) Laura Laurent
25%
Lifted or The Story Is in the Soil, Keep Your Ear to the Ground(2002) Let's Not Shit Ourselves (To Love and to Be Loved)
25%
Cassadaga(2007) Lime Tree
25%
There Is No Beginning to the Story(2002) Loose Leaves
25%
Lifted or The Story Is in the Soil, Keep Your Ear to the Ground(2002) Lover I Don't Have to Love
25%
Lifted or The Story Is in the Soil, Keep Your Ear to the Ground(2002) Make War
25%
Down in the Weeds, Where the World Once Was(2020) Mariana Trench
25%
Noise Floor (Rarities: 1998–2005)(2006) Motion Sickness
25%
Lifted or The Story Is in the Soil, Keep Your Ear to the Ground(2002) Nothing Gets Crossed Out
25%
Don't Be Frightened of Turning the Page(2000) Oh, You Are the Roots That Sleep Beneath My Feet and Hold the Earth in Place
25%
I'm Wide Awake, It's Morning(2005) Old Soul Song (for the New World Order)
25%
Down in the Weeds, Where the World Once Was(2020) Pageturners Rag
25%
Down in the Weeds, Where the World Once Was(2020) Pan and Broom
25%
Down in the Weeds, Where the World Once Was(2020) Persona Non Grata
25%
Letting Off the Happiness(1998) Pull My Hair
25%
Five Dice, All Threes(2024) Rainbow Overpass
25%
Kids Table(2025) Sharp Cutting Wings (Song to a Poet)
25%
The People's Key(2011) Shell Games
25%
Digital Ash in a Digital Urn(2005) Ship in a Bottle
25%
Four Winds(2007) Stray Dog Freedom
25%
Letting Off the Happiness(1998) Tereza and Tomas
25%
Fevers and Mirrors(2000) The Calendar Hung Itself...
25%
Letting Off the Happiness(1998) The City Has Sex
25%
Down in the Weeds, Where the World Once Was(2020) Tilt-A-Whirl
25%
Five Dice, All Threes(2024) Tiny Suicides
25%
Down in the Weeds, Where the World Once Was(2020) To Death's Heart (In Three Parts)
25%
Five Dice, All Threes(2024) Trains Still Run on Time
25%
I'm Wide Awake, It's Morning(2005) Train Under Water
25%
Noise Floor (Rarities: 1998–2005)(2006) Trees Get Wheeled Away
25%
The People's Key(2011) Triple Spiral
25%
Lifted or The Story Is in the Soil, Keep Your Ear to the Ground(2002) You Will. You? Will. You? Will. You? Will.
25%
Kids Table(2025) 1st World Blues
0%
A Collection of Songs Written and Recorded 1995–1997(1998) A Celebration Upon Completion
0%
A Collection of Songs Written and Recorded 1995–1997(1998) A Few Minutes on Friday
0%
A Collection of Songs Written and Recorded 1995–1997(1998) All of the Truth
0%
Fevers and Mirrors(2000) An Attempt to Tip the Scales
0%
Every Day and Every Night(1999) A New Arrangement
0%
Every Day and Every Night(1999) A Perfect Sonnet
0%
Letting Off the Happiness(1998) A Poetic Retelling of an Unfortunate Seduction
0%
The People's Key(2011) Approximate Sunlight
0%
Fevers and Mirrors(2000) A Scale, a Mirror and Those Indifferent Clocks
0%
Fevers and Mirrors(2000) A Song to Pass the Time
0%
Fevers and Mirrors(2000) A Spindle, a Darkness, a Fever, and a Necklace
0%
Noise Floor (Rarities: 1998–2005)(2006) Bad Blood
0%
Five Dice, All Threes(2024) Bas Jan Ader
0%
The People's Key(2011) Beginner's Mind
0%
Five Dice, All Threes(2024) Bells and Whistles
0%
One Jug of Wine, Two Vessels(2004) Black Comedy
0%
Noise Floor (Rarities: 1998–2005)(2006) Blue Angels Air Show
0%
Kids Table(2025) Cairns (When Your Heart Belongs to Everyone)
0%
Four Winds(2007) Cartoon Blues
0%
Cassadaga(2007) Coat Check Dream Song
0%
Letting Off the Happiness(1998) Contrast and Compare
0%
Digital Ash in a Digital Urn(2005) Devil in the Details
0%
Noise Floor (Rarities: 1998–2005)(2006) I Will Be Grateful for This Day
0%
Motion Sickness: Live Recordings(2005) When the President Talks to God
0%
Lifted or The Story Is in the Soil, Keep Your Ear to the Ground(2002) Don't Know When But a Day Is Gonna Come
0%
Digital Ash in a Digital Urn(2005) Down in a Rabbit Hole
0%
A Collection of Songs Written and Recorded 1995–1997(1998) Driving Fast Through a Big City at Night
0%
Noise Floor (Rarities: 1998–2005)(2006) Drunk Kid Catholic
0%
Kids Table(2025) Dyslexic Palindrome
0%
Five Dice, All Threes(2024) El Capitan
0%
A Collection of Songs Written and Recorded 1995–1997(1998) Emily, Sing Something Sweet
0%
Letting Off the Happiness(Bonus)(1998) Empty Canyon, Empty Canteen
0%
A Collection of Songs Written and Recorded 1995–1997(1998) Exaltation on a Cool Kitchen Floor
0%
A Collection of Songs Written and Recorded 1995–1997(1998) Falling Out of Love at This Volume
0%
Lifted or The Story Is in the Soil, Keep Your Ear to the Ground(2002) False Advertising
0%
The People's Key(2011) Firewall
0%
Down in the Weeds, Where the World Once Was(2020) Forced Convalescence
0%
Bright Eyes / Squad Car 96(1997) Go Find Yourself A Dry Place
0%
Don't Be Frightened of Turning the Page(2000) Going for the Gold
0%
Fevers and Mirrors(2000) Haligh, Haligh, a Lie, Haligh
0%
One Jug of Wine, Two Vessels(Bonus)(2014) Happy Accident
0%
Noise Floor (Rarities: 1998–2005)(2006) Happy Birthday to Me (February 15)
0%
Five Dice, All Threes(2024) Hate
0%
A Collection of Songs Written and Recorded 1995–1997(1998) How Many Lights Do You See?
0%
Cassadaga(2007) If the Brakeman Turns My Way
0%
The People's Key(Bonus)(2011) In the Real World
0%
Kids Table(2025) It Always Feels Good and It Never Hurts
0%
A Collection of Songs Written and Recorded 1995–1997(1998) I Watched You Taking Off
0%
Insound Tour Support No.12(2000) I Won't Ever Be Happy Again
0%
Fevers and Mirrors(Bonus)(2000) Jetsabel Removes the Undesirables
0%
Down in the Weeds, Where the World Once Was(2020) Just Once in the World
0%
Digital Ash in a Digital Urn(2005) Light Pollution
0%
A Collection of Songs Written and Recorded 1995–1997(1998) Lila
0%
Insound Tour Support No.12(2000) Lovers Turn Into Monsters
0%
There Is No Beginning to the Story(2002) Messenger Bird's Song
0%
Lifted or The Story Is in the Soil, Keep Your Ear to the Ground(2002) Method Acting
0%
Cassadaga(2007) Middleman
0%
Don't Be Frightened of Turning the Page(2000) Mirrors and Fevers
0%
Don't Be Frightened of Turning the Page(2000) No Lies, Just Love
0%
Cassadaga(2007) No One Would Riot for Less
0%
Down in the Weeds, Where the World Once Was(2020) One and Done
0%
The People's Key(2011) One for You, One for Me
0%
A Collection of Songs Written and Recorded 1995–1997(1998) One Straw (Please)
0%
Every Day and Every Night(1999) On My Way to Work
0%
Letting Off the Happiness(1998) Padraic My Prince
0%
A Collection of Songs Written and Recorded 1995–1997(1998) Patient Hope in New Snow
0%
A Collection of Songs Written and Recorded 1995–1997(1998) Puella Quam Amo Est Pulchra
0%
Bright Eyes / Squad Car 96(1997) Racing Towards The New
0%
Five Dice, All Threes(2024) Real Feel 105
0%
Four Winds(2007) Reinvent the Wheel
0%
A Collection of Songs Written and Recorded 1995–1997(1998) Saturday as Usual
0%
Noise Floor (Rarities: 1998–2005)(2006) Seashell Tale
0%
Kids Table(2025) Shakespeare in a Nutshell
0%
The People's Key(Bonus)(2011) Singularity
0%
Four Winds(2007) Smoke Without Fire
0%
A Collection of Songs Written and Recorded 1995–1997(1998) Solid Jackson
0%
Fevers and Mirrors(2000) Something Vague
0%
Noise Floor (Rarities: 1998–2005)(2006) Soon You Will Be Leaving Your Man
0%
Motion Sickness: Live Recordings(2005) Southern State
0%
Noise Floor (Rarities: 1998–2005)(2006) Spent on Rainy Days
0%
One Jug of Wine, Two Vessels(2004) Spring Cleaning
0%
Five Dice, All Threes(2024) Spun Out
0%
Down in the Weeds, Where the World Once Was(2020) Stairwell Song
0%
Fevers and Mirrors(2000) Sunrise, Sunset
0%
A Collection of Songs Written and Recorded 1995–1997(1998) Supriya
0%
Digital Ash in a Digital Urn(2005) Take It Easy (Love Nothing)
0%
A Collection of Songs Written and Recorded 1995–1997(1998) The Awful Sweetness of Escaping Sweat
0%
Lifted or The Story Is in the Soil, Keep Your Ear to the Ground(2002) The Big Picture
0%
Fevers and Mirrors(2000) The Center of the World
0%
Letting Off the Happiness(1998) The Difference in the Shades
0%
A Collection of Songs Written and Recorded 1995–1997(1998) The 'Feel Good' Revolution
0%
A Collection of Songs Written and Recorded 1995–1997(1998) The Invisible Gardener
0%
Fevers and Mirrors(Bonus)(2000) The Joy in Discovery
0%
Insound Tour Support No.12(2000) The Joy in Forgetting/The Joy in Acceptance
0%
Digital Ash in a Digital Urn(2005) Theme from Piñata
0%
Fevers and Mirrors(2000) The Movement of a Hand
0%
Five Dice, All Threes(2024) The Time I Have Left
0%
Noise Floor (Rarities: 1998–2005)(2006) The Vanishing Act
0%
Five Dice, All Threes(2024) Tin Soldier Boy
0%
Letting Off the Happiness(1998) Touch
0%
Four Winds(2007) Tourist Trap
0%
Motion Sickness: Live Recordings(2005) True Blue
0%
Kids Table(2025) Victory City
0%
There Is No Beginning to the Story(2002) We Are Free Men
0%
I'm Wide Awake, It's Morning(2005) We Are Nowhere and It's Now
0%
Noise Floor (Rarities: 1998–2005)(2006) Weather Reports
0%
Fevers and Mirrors(2000) When the Curious Girl Realizes She Is Under Glass
0%
No matching quizzes found
Score Distribution
Percent of People with Each Score
Percentile by Number Answered
Your Score History
You have not taken this quiz